Περισσότερη έρευνα για την Ευρώπη Στόχος: 3% του Α. Εγχ. Π: Ανακοίνωση της Επιτροπής /

Corporate συγγραφέας: Επιτροπή των Ευρωπαϊκών Κοινοτήτων.
Μορφή: Βιβλίο
Γλώσσα: Greek
Στοιχεία έκδοσης: Βρυξέλλες, Λουξεμβούργο: Υπηρεσία Επισήμων Εκδόσεων των Ευρωπαϊκών Κοινοτήτων, 11.9.2002
Διαθέσιμο Online: https://eur-lex.europa.eu/legal-content/EL/TXT/PDF/?uri=CELEX:52002DC0499&qid=1551179273565&from=EL
Ετικέτες: Προσθήκη ετικέτας
Δεν υπάρχουν, Καταχωρήστε ετικέτα πρώτοι!
LEADER 01065nam a22001811a 4500
001 1/25317
008 s2002 lu f 00010 gre d
022 0 |a 0254-1483 
028 3 1 |a KT-CO-02-514-GR-C 
035 |l 27111 
040 |a GR-PeUP 
084 |2 KET  |a COM (2002) 499 τελικό 
110 2 |a Επιτροπή των Ευρωπαϊκών Κοινοτήτων. 
245 1 0 |a Περισσότερη έρευνα για την Ευρώπη Στόχος: 3% του Α. Εγχ. Π:  |b Ανακοίνωση της Επιτροπής /  |c Επιτροπή των Ευρωπαϊκών Κοινοτήτων 
260 0 |a Βρυξέλλες, Λουξεμβούργο:  |b Υπηρεσία Επισήμων Εκδόσεων των Ευρωπαϊκών Κοινοτήτων,  |c 11.9.2002 
300 |a 31 σελ. 
852 |a INST  |b UNIPILB  |c KET  |e 20050328  |h KET COM (2002) 499 τελικό  |p COM (2002) 499  |q COM (2002) 499  |t NOLOAN  |y 23  |4 1 
856 7 8 |u https://eur-lex.europa.eu/legal-content/EL/TXT/PDF/?uri=CELEX:52002DC0499&qid=1551179273565&from=EL